International Review of Economics & Finance

Salvato in:
Dettagli Bibliografici
Natura: Periodico
Lingua:inglese
Pubblicazione: Amsterdam Elsevier Science B.V.
Tags: Aggiungi Tag
Nessun Tag, puoi essere il primo ad aggiungerne!!

MARC

LEADER 00000nas1a2200000 4500
001 0247912
005 20250701092104.2
022 |a 1059-0560 
041 0 |a eng 
044 |a NL 
245 1 0 |a International Review of Economics & Finance 
264 1 |a Amsterdam  |b Elsevier Science B.V.